लोड हो रहा है...

Marxism : an historical and critical study /

ग्रंथसूची विवरण
मुख्य लेखक: Lichtheim, George
स्वरूप: Printed Book
भाषा:English
प्रकाशित: London : Routledge & Kegan Paul, 1964
LEADER 00554nam a22001577a 4500
003 OSt
005 20200624134509.0
008 150918b xxu||||| |||| 00| 0 eng d
082 |a 335.4 LIC/M 
100 |a Lichtheim, George 
245 |a Marxism :   |b an historical and critical study /  |c George Lichtheim 
260 |a London :  |b Routledge & Kegan Paul,  |c 1964 
300 |a 412p. 
942 |2 ddc  |c BK 
999 |c 321904  |d 321904 
952 |0 0  |1 0  |2 ddc  |4 0  |6 335_400000000000000_LIC_M  |7 0  |9 368343  |a CSC  |b CSC  |c ST1  |d 2015-09-18  |i 1132  |l 0  |o 335.4 LIC/M  |p CSC1132  |r 2015-09-18  |w 2015-09-18  |y BK